000 nam a22 7a 4500
999 _c235040
_d235040
003 Nust
005 20170405122905.0
008 170405b xxu||||| |||| 00| 0 eng d
022 _29789380179759
040 _cDLC
082 _a577.5 BHA
100 _4Bhatnagar, Aditya
245 _aEcology and Environment
260 _aNew Delhi
_bOxford Book Company
_c2010
300 _av, 300p
_c25 cm
942 _2ddc
_cBK